[Event "DVM U20 2009"]
[Site "Chemnitz GER"]
[Date "2009.12.30"]
[Round "7"]
[White "Hummel, Dennis"]
[Black "Rosenblatt, Marcus"]
[Result "1/2-1/2"]
[Termination "normal"]
[Board "5.4"]
[WhiteElo "2031"]
[BlackElo "1959"]
[WhiteTeam "Sfr.Neuberg"]
[BlackTeam "USG Chemnitz"]
[PlyCount "80"]
[WhiteFideId "4638336"]
[BlackFideId "24627453"]
[EventCountry "GER"]
[EventRounds "7"]
[EventType "team-swiss"]
[EventDate "2009.12.26"]

1. e4 c5 2. Nc3 e6 3. g3 Nc6 4. Bg2 Nf6 5. d3 a6 6. Nh3 Be7 7. O-O d5 8. exd5
exd5 9. Nf4 Bg4 10. Qd2 d4 11. Ne4 O-O 12. h3 Bf5 13. Nxf6+ Bxf6 14. Nd5 Be5
15. f4 Bd6 16. Qf2 Re8 17. Bd2 Ne7 18. Nxe7+ Rxe7 19. Rae1 Qb6 20. Rxe7 Bxe7
21. Re1 Bd6 22. b3 Bd7 23. Bd5 Bc6 24. Qf3 Rc8 25. Kg2 g6 26. f5 Bxd5 27. Qxd5
Bf8 28. fxg6 hxg6 29. Bg5 Qc6 30. Qxc6 Rxc6 31. Re8 Kg7 32. a4 b5 33. axb5 axb5
34. Bf4 Ra6 35. Kf3 f5 36. g4 Kf7 37. Rb8 b4 38. Rb7+ Kf6 39. gxf5 gxf5 40. Rb8
Be7 1/2-1/2

[Event "DVM U20 2009"]
[Site "Chemnitz GER"]
[Date "2009.12.30"]
[Round "7"]
[White "Klebanov, Andrej"]
[Black "Iwanziw, Niklas"]
[Result "1-0"]
[Termination "normal"]
[Board "5.5"]
[WhiteElo "1860"]
[BlackElo "1902"]
[WhiteTeam "USG Chemnitz"]
[BlackTeam "Sfr.Neuberg"]
[PlyCount "61"]
[WhiteFideId "24669989"]
[BlackFideId "24647101"]
[EventCountry "GER"]
[EventRounds "7"]
[EventType "team-swiss"]
[EventDate "2009.12.26"]

1. d4 d5 2. c4 e6 3. Nc3 c6 4. Nf3 dxc4 5. a4 Bb4 6. e3 b5 7. Bd2 Bxc3 8. Bxc3
a5 9. axb5 cxb5 10. b3 Bb7 11. bxc4 b4 12. Bb2 Nf6 13. Bd3 O-O 14. O-O Ne4 15.
Nd2 Nxd2 16. Qxd2 f5 17. f3 Nd7 18. e4 f4 19. d5 e5 20. Bc2 Qe7 21. Qf2 Rfc8
22. Ba4 Nc5 23. Qe2 Rc7 24. g3 g5 25. Kh1 h6 26. gxf4 gxf4 27. Rg1+ Kh7 28. Qg2
Qf6 29. Bc2 b3 30. Rxa5 Re8 31. Bxe5 1-0

[Event "DVM U20 2009"]
[Site "Chemnitz GER"]
[Date "2009.12.30"]
[Round "7"]
[White "Bluhm, Achim"]
[Black "Kabitzke, Julian"]
[Result "1-0"]
[Termination "normal"]
[Board "5.6"]
[WhiteElo "1958"]
[BlackElo "1832"]
[WhiteTeam "Sfr.Neuberg"]
[BlackTeam "USG Chemnitz"]
[PlyCount "125"]
[WhiteFideId "1270565"]
[BlackFideId "24669547"]
[EventCountry "GER"]
[EventRounds "7"]
[EventType "team-swiss"]
[EventDate "2009.12.26"]

1. d4 Nf6 2. Nf3 e6 3. e3 b6 4. Bd3 Bb7 5. O-O Be7 6. Nbd2 d6 7. c3 Nbd7 8. e4
c5 9. Re1 e5 10. d5 O-O 11. Nf1 g6 12. Ng3 Ne8 13. Bh6 Ng7 14. Nd2 Bg5 15. Bxg7
Kxg7 16. Nc4 Qe7 17. Ne3 Bxe3 18. Rxe3 Nf6 19. Re1 Bc8 20. b4 Qc7 21. Qd2 Rb8
22. h4 h6 23. a4 a5 24. bxa5 bxa5 25. Rab1 Bd7 26. Bb5 Bxb5 27. Rxb5 Rxb5 28.
axb5 c4 29. h5 Rb8 30. hxg6 fxg6 31. Rb1 Nd7 32. Qa2 Nf6 33. Kh1 Qd8 34. f3 Nd7
35. Nf1 Nc5 36. Qxc4 a4 37. Ne3 Qh4+ 38. Kg1 Qg5 39. Kf2 h5 40. b6 h4 41. Nf1
h3 42. gxh3 Qh4+ 43. Ke3 Rf8 44. Nd2 Qf4+ 45. Ke2 Nb3 46. Rxb3 axb3 47. Qxb3
Qh2+ 48. Kd3 Qxh3 49. b7 Rb8 50. Qb6 Qd7 51. Nc4 Rxb7 52. Qxd6 Qxd6 53. Nxd6
Rd7 54. Nb5 Kf6 55. c4 Ke7 56. c5 Rd8 57. c6 Ra8 58. d6+ Kd8 59. Kc4 g5 60. Kc5
Ra6 61. Nc7 Ra3 62. Ne6+ Kc8 63. d7+ 1-0

[Event "DVM U20 2009"]
[Site "Chemnitz GER"]
[Date "2009.12.30"]
[Round "7"]
[White "Geshnizjani, Ramin Tobias"]
[Black "Döring, Andreas"]
[Result "1/2-1/2"]
[Termination "normal"]
[Board "6.1"]
[WhiteElo "2096"]
[BlackElo "1973"]
[WhiteTeam "Heilbronner SV"]
[BlackTeam "SC Tamm 74"]
[PlyCount "45"]
[WhiteFideId "24633089"]
[BlackFideId "24621030"]
[EventCountry "GER"]
[EventRounds "7"]
[EventType "team-swiss"]
[EventDate "2009.12.26"]

1. e4 e6 2. d4 d5 3. exd5 exd5 4. Bd3 Bd6 5. Nf3 Nf6 6. O-O O-O 7. Bg5 Bg4 8.
Nbd2 Nbd7 9. c3 c6 10. Qc2 Qc7 11. Bh4 Bh5 12. Bg3 Bg6 13. Rfe1 Rae8 14. Rxe8
Rxe8 15. Re1 Rxe1+ 16. Nxe1 Bxg3 17. hxg3 Qd6 18. Bxg6 hxg6 19. Qd3 Qe6 20. Nc2
Ne4 21. Qe3 Nxd2 22. Qxd2 Nf6 23. Qe3 1/2-1/2

[Event "DVM U20 2009"]
[Site "Chemnitz GER"]
[Date "2009.12.30"]
[Round "7"]
[White "Häusinger, Benjamin"]
[Black "Lange, Jan-David"]
[Result "1/2-1/2"]
[Termination "normal"]
[Board "6.3"]
[WhiteElo "1985"]
[BlackElo "2118"]
[WhiteTeam "Heilbronner SV"]
[BlackTeam "SC Tamm 74"]
[PlyCount "54"]
[WhiteFideId "24659576"]
[BlackFideId "24614963"]
[EventCountry "GER"]
[EventRounds "7"]
[EventType "team-swiss"]
[EventDate "2009.12.26"]

1. Nf3 Nf6 2. d4 g6 3. c4 Bg7 4. Nc3 O-O 5. Bf4 d6 6. e3 c6 7. Be2 Nbd7 8. O-O
Nh5 9. Bg3 Nxg3 10. hxg3 e5 11. dxe5 dxe5 12. e4 Qe7 13. Qc2 Nc5 14. Na4 Nxa4
15. Qxa4 Bg4 16. Rad1 Bxf3 17. gxf3 Bh6 18. Rd3 Rfd8 19. Rfd1 Rxd3 20. Rxd3 Rd8
21. Rxd8+ Qxd8 22. Qxa7 Qd2 23. Bf1 Qxb2 24. a4 Bf8 25. Qa5 c5 26. Qb5 Qxb5 27.
axb5 b6 1/2-1/2

[Event "DVM U20 2009"]
[Site "Chemnitz GER"]
[Date "2009.12.30"]
[Round "7"]
[White "Schäfer, Daniela"]
[Black "Schwarz, Felix"]
[Result "1/2-1/2"]
[Termination "normal"]
[Board "6.4"]
[WhiteElo "1897"]
[BlackElo "1813"]
[WhiteTeam "SC Tamm 74"]
[BlackTeam "Heilbronner SV"]
[PlyCount "38"]
[WhiteFideId "4624769"]
[BlackFideId "4639065"]
[EventCountry "GER"]
[EventRounds "7"]
[EventType "team-swiss"]
[EventDate "2009.12.26"]

1. e4 d5 2. exd5 Qxd5 3. Nc3 Qd6 4. Nf3 Bg4 5. h3 Bh5 6. Be2 Nf6 7. O-O a6 8.
d3 Nc6 9. Be3 O-O-O 10. Nd2 Bxe2 11. Qxe2 Nd4 12. Qd1 Nf5 13. Nde4 Nxe4 14.
Nxe4 Qg6 15. Qf3 e5 16. Bc5 Nd4 17. Bxd4 Rxd4 18. Rfe1 f6 19. a3 Be7 1/2-1/2

[Event "DVM U20 2009"]
[Site "Chemnitz GER"]
[Date "2009.12.30"]
[Round "7"]
[White "Döring, Stefan"]
[Black "Weißbeck, Joachim Daniel"]
[Result "1/2-1/2"]
[Termination "normal"]
[Board "6.6"]
[WhiteElo "1552"]
[BlackElo "1755"]
[WhiteTeam "SC Tamm 74"]
[BlackTeam "Heilbronner SV"]
[PlyCount "22"]
[WhiteFideId "1272047"]
[BlackFideId "4639227"]
[EventCountry "GER"]
[EventRounds "7"]
[EventType "team-swiss"]
[EventDate "2009.12.26"]

1. d4 f5 2. c4 Nf6 3. Nf3 g6 4. g3 Bg7 5. Bg2 O-O 6. O-O Qe8 7. Bf4 d6 8. Nc3
Nh5 9. Nd5 Nxf4 10. Nxf4 e5 11. Nd5 Na6 1/2-1/2

[Event "DVM U20 2009"]
[Site "Chemnitz GER"]
[Date "2009.12.30"]
[Round "7"]
[White "Borgmeyer, Max"]
[Black "Siebarth, Raiko"]
[Result "0-1"]
[Termination "normal"]
[Board "7.1"]
[WhiteElo "2058"]
[BlackElo "2218"]
[WhiteTeam "SC Königsspringer Hamburg 1984"]
[BlackTeam "SG Blau-Weiß Stadtilm"]
[PlyCount "78"]
[WhiteFideId "24615870"]
[BlackFideId "4674766"]
[EventCountry "GER"]
[EventRounds "7"]
[EventType "team-swiss"]
[EventDate "2009.12.26"]

1. e4 c5 2. Nf3 d6 3. d4 cxd4 4. Nxd4 Nf6 5. Nc3 a6 6. Be3 e5 7. Nb3 Be7 8. f3
Be6 9. Qd2 O-O 10. O-O-O Nbd7 11. g4 Qc7 12. g5 Nh5 13. Rg1 Rfc8 14. Nd5 Bxd5
15. exd5 a5 16. a3 Nb6 17. Kb1 g6 18. Rc1 a4 19. Na1 Nc4 20. Bxc4 Qxc4 21. Rg4
Qa6 22. c4 f5 23. gxf6 Nxf6 24. Bg5 Rc7 25. Bxf6 Bxf6 26. Qd3 Rac8 27. Re4 b5
28. Nc2 Rxc4 29. Rxc4 Rxc4 30. Nb4 Rxc1+ 31. Kxc1 Qb6 32. Kb1 Qg1+ 33. Ka2 Qxh2
34. Qc3 Qf4 35. Qc8+ Kg7 36. Qc7+ Kh6 37. Qxd6 Qxf3 38. Qe6 e4 39. Nc2 Qb3+ 0-1

[Event "DVM U20 2009"]
[Site "Chemnitz GER"]
[Date "2009.12.30"]
[Round "7"]
[White "Hoffmann, Lena"]
[Black "Lock, Adrian"]
[Result "0-1"]
[Termination "normal"]
[Board "7.2"]
[WhiteElo "1855"]
[BlackElo "2014"]
[WhiteTeam "SG Blau-Weiß Stadtilm"]
[BlackTeam "SC Königsspringer Hamburg 1984"]
[PlyCount "78"]
[WhiteFideId "24626597"]
[BlackFideId "24651290"]
[EventCountry "GER"]
[EventRounds "7"]
[EventType "team-swiss"]
[EventDate "2009.12.26"]

1. e4 e6 2. d4 d5 3. exd5 exd5 4. Bd3 Bd6 5. c3 c6 6. Ne2 Qc7 7. h3 h6 8. O-O
Nf6 9. Qc2 O-O 10. Nd2 Re8 11. b3 b6 12. c4 Ba6 13. Rb1 Nbd7 14. Nc3 Qb7 15.
Bb2 Nf8 16. Nf3 Ne6 17. Ne2 Rac8 18. Ne5 Nxd4 19. Nxd4 Bxe5 20. f4 Bxd4+ 21.
Bxd4 Nd7 22. Rf3 f6 23. Rg3 c5 24. Be3 d4 25. Bd2 Nf8 26. Qc1 Qf7 27. f5 Kh8
28. Rg4 Bb7 29. Bf4 Be4 30. Bxh6 Bxd3 31. Bxg7+ Qxg7 32. Rxg7 Kxg7 33. Rb2 Bxf5
34. Qf4 Bg6 35. Rf2 Rc6 36. h4 Nd7 37. Qg4 Re1+ 38. Kh2 Ne5 39. Qf4 Re4 0-1

[Event "DVM U20 2009"]
[Site "Chemnitz GER"]
[Date "2009.12.30"]
[Round "7"]
[White "Maiorov, Daniel"]
[Black "Wolff, Christoph"]
[Result "1/2-1/2"]
[Termination "normal"]
[Board "7.3"]
[WhiteElo "1920"]
[BlackElo "1812"]
[WhiteTeam "SC Königsspringer Hamburg 1984"]
[BlackTeam "SG Blau-Weiß Stadtilm"]
[PlyCount "27"]
[WhiteFideId "24646920"]
[BlackFideId "24659495"]
[EventCountry "GER"]
[EventRounds "7"]
[EventType "team-swiss"]
[EventDate "2009.12.26"]

1. e4 e5 2. Nf3 Nf6 3. Nxe5 d6 4. Nf3 Nxe4 5. d3 Nf6 6. d4 d5 7. Bd3 Be7 8. O-O
O-O 9. Nbd2 Bg4 10. h3 Bh5 11. Re1 Nc6 12. c3 Re8 13. Nf1 Bd6 14. Rxe8+ 1/2-1/2

[Event "DVM U20 2009"]
[Site "Chemnitz GER"]
[Date "2009.12.30"]
[Round "7"]
[White "George, Tom"]
[Black "Streich, Justus"]
[Result "1-0"]
[Termination "normal"]
[Board "7.4"]
[WhiteElo "1650"]
[BlackElo "1902"]
[WhiteTeam "SG Blau-Weiß Stadtilm"]
[BlackTeam "SC Königsspringer Hamburg 1984"]
[PlyCount "115"]
[WhiteFideId "24659487"]
[BlackFideId "24697168"]
[EventCountry "GER"]
[EventRounds "7"]
[EventType "team-swiss"]
[EventDate "2009.12.26"]

1. Nc3 d5 2. e4 dxe4 3. Nxe4 Nd7 4. f4 Ngf6 5. Nf2 e6 6. Nf3 Be7 7. g3 O-O 8.
Bg2 c5 9. b3 Qb6 10. Qe2 Nd5 11. a3 Bf6 12. Rb1 Rd8 13. O-O Qc7 14. Nd3 c4 15.
Nde5 cxb3 16. c4 N5b6 17. d3 h6 18. Rxb3 Nc5 19. Rc3 Nba4 20. Rc2 Bxe5 21. Nxe5
f6 22. Ng4 Rxd3 23. f5 e5 24. Bd5+ Kh7 25. Bxh6 Qe7 26. Nxe5 Rxd5 27. cxd5 Nd7
28. Nxd7 Qxe2 29. Rxe2 Bxd7 30. Re7 Kxh6 31. Rxd7 Nb6 32. Rxb7 Nxd5 33. Rf3 g6
34. Rd3 Nb6 35. Rd6 Kg5 36. fxg6 Kxg6 37. Rc6 Nd5 38. Rc5 Ne3 39. Rcc7 a5 40.
Rg7+ Kf5 41. Ra7 Rc8 42. Rxa5+ Ke4 43. Re7+ Kf3 44. Rxe3+ Kxe3 45. Rf5 Rf8 46.
Kg2 Ke4 47. g4 Rg8 48. h3 Ra8 49. Rxf6 Rxa3 50. h4 Ra2+ 51. Rf2 Ra8 52. h5 Ra3
53. h6 Ra6 54. h7 Rh6 55. Rf7 Ke5 56. g5 Rh5 57. Rg7 Kf5 58. g6 1-0

[Event "DVM U20 2009"]
[Site "Chemnitz GER"]
[Date "2009.12.30"]
[Round "7"]
[White "Langmann, Markus"]
[Black "Schröter, Maik"]
[Result "1-0"]
[Termination "normal"]
[Board "7.5"]
[WhiteElo "1954"]
[BlackElo "1549"]
[WhiteTeam "SC Königsspringer Hamburg 1984"]
[BlackTeam "SG Blau-Weiß Stadtilm"]
[PlyCount "63"]
[WhiteFideId "24651281"]
[EventCountry "GER"]
[EventRounds "7"]
[EventType "team-swiss"]
[EventDate "2009.12.26"]

1. e4 c5 2. c3 e6 3. d4 d5 4. exd5 exd5 5. Bd3 cxd4 6. cxd4 Nf6 7. Ne2 Bd6 8.
O-O O-O 9. Bf4 Bg4 10. f3 Be6 11. Be5 Nc6 12. f4 Bg4 13. Nbc3 Nb4 14. Bb1 Bxe5
15. dxe5 Ne8 16. h3 Bxe2 17. Qxe2 Rc8 18. a3 d4 19. axb4 dxc3 20. bxc3 Rxc3 21.
Qe4 Qb6+ 22. Kh2 g6 23. f5 Re3 24. Qf4 Ng7 25. fxg6 hxg6 26. Bxg6 Qxg6 27. Qxe3
Nf5 28. Qf2 Ng7 29. Ra3 Qe6 30. Qf4 a6 31. Rg3 Kh8 32. Qh4+ 1-0

[Event "DVM U20 2009"]
[Site "Chemnitz GER"]
[Date "2009.12.30"]
[Round "7"]
[White "Kappe, Benedikt"]
[Black "Friedrich, Wiede"]
[Result "0-1"]
[Termination "normal"]
[Board "8.1"]
[WhiteElo "2027"]
[BlackElo "2114"]
[WhiteTeam "SV 1947 Walldorf"]
[BlackTeam "USV Potsdam"]
[PlyCount "80"]
[WhiteFideId "24629855"]
[BlackFideId "24629537"]
[EventCountry "GER"]
[EventRounds "7"]
[EventType "team-swiss"]
[EventDate "2009.12.26"]

1. e4 c5 2. c3 d5 3. exd5 Qxd5 4. d4 Nc6 5. Nf3 Bg4 6. Be2 cxd4 7. cxd4 e6 8.
h3 Bh5 9. Nc3 Qa5 10. O-O Nf6 11. Bf4 Rd8 12. a3 Bd6 13. b4 Qb6 14. Be3 Bb8 15.
Qa4 Nd5 16. Nxd5 exd5 17. b5 Ne7 18. Bd2 O-O 19. g4 Qe6 20. Rfe1 Bg6 21. Bb4
Rfe8 22. b6 Nc6 23. bxa7 Bxa7 24. Bb5 Qf6 25. Bxc6 bxc6 26. Ba5 Qxf3 27. Bxd8
Be4 28. Rxe4 dxe4 29. Qxa7 Rxd8 30. Qe7 Rf8 31. Re1 f5 32. Re3 Qd1+ 33. Kg2 f4
34. Rxe4 f3+ 35. Kh2 Qf1 36. Kg3 Qg2+ 37. Kh4 Qxf2+ 38. Kg5 Qd2+ 39. Kh4 Qh6+
40. Kg3 f2 0-1

[Event "DVM U20 2009"]
[Site "Chemnitz GER"]
[Date "2009.12.30"]
[Round "7"]
[White "Zahn, Benno"]
[Black "Brede, Fabian"]
[Result "1-0"]
[Termination "normal"]
[Board "8.2"]
[WhiteElo "1983"]
[BlackElo "1840"]
[WhiteTeam "USV Potsdam"]
[BlackTeam "SV 1947 Walldorf"]
[PlyCount "53"]
[WhiteFideId "24636070"]
[BlackFideId "24665444"]
[EventCountry "GER"]
[EventRounds "7"]
[EventType "team-swiss"]
[EventDate "2009.12.26"]

1. e4 c5 2. Nf3 d6 3. d4 cxd4 4. Nxd4 Nf6 5. Nc3 a6 6. Bg5 e6 7. f4 Nbd7 8. g4
Be7 9. Bxf6 Bxf6 10. g5 Be7 11. Qf3 Nb6 12. O-O-O Bd7 13. h4 Rc8 14. f5 exf5
15. Nxf5 O-O 16. Nd5 Nxd5 17. exd5 Re8 18. Bd3 Bf8 19. Rhf1 f6 20. Kb1 Re5 21.
gxf6 Qxf6 22. Nh6+ Kh8 23. Nf7+ Kg8 24. Nxe5 dxe5 25. Qh5 g6 26. Qxh7+ Kxh7 27.
Rxf6 1-0

[Event "DVM U20 2009"]
[Site "Chemnitz GER"]
[Date "2009.12.30"]
[Round "7"]
[White "Busch, Christian"]
[Black "Penne, Bo"]
[Result "1/2-1/2"]
[Termination "normal"]
[Board "8.3"]
[WhiteElo "1703"]
[BlackElo "1990"]
[WhiteTeam "SV 1947 Walldorf"]
[BlackTeam "USV Potsdam"]
[PlyCount "67"]
[WhiteFideId "1270588"]
[BlackFideId "24642193"]
[EventCountry "GER"]
[EventRounds "7"]
[EventType "team-swiss"]
[EventDate "2009.12.26"]

1. c4 e6 2. Nc3 d5 3. d4 Nf6 4. Nf3 Nbd7 5. Bg5 c6 6. cxd5 exd5 7. e3 Bd6 8.
Bd3 O-O 9. O-O h6 10. Bh4 Re8 11. a3 a5 12. Qc2 Nf8 13. Bg3 Bxg3 14. hxg3 Qd6
15. Na4 Qc7 16. b4 axb4 17. axb4 Be6 18. b5 N8d7 19. bxc6 bxc6 20. Rfc1 Rec8
21. Nc5 Rxa1 22. Rxa1 Nxc5 23. Qxc5 Nd7 24. Qa7 Qd6 25. Qb7 Rb8 26. Ra8 Rxa8
27. Qxa8+ Nf8 28. Qa5 Nd7 29. Qa6 g6 30. Bc2 Qc7 31. Ba4 Nb6 32. Qa5 Qb7 33.
Qb4 Qc7 34. Qa5 1/2-1/2

[Event "DVM U20 2009"]
[Site "Chemnitz GER"]
[Date "2009.12.30"]
[Round "7"]
[White "Belger, Christian"]
[Black "Buchholz, Daniel"]
[Result "1-0"]
[Termination "normal"]
[Board "8.4"]
[WhiteElo "1974"]
[BlackElo "1484"]
[WhiteTeam "USV Potsdam"]
[BlackTeam "SV 1947 Walldorf"]
[PlyCount "98"]
[WhiteFideId "24622940"]
[BlackFideId "1270589"]
[EventCountry "GER"]
[EventRounds "7"]
[EventType "team-swiss"]
[EventDate "2009.12.26"]

1. e4 a6 2. c4 e5 3. Nf3 Nc6 4. d4 exd4 5. Nxd4 Bb4+ 6. Nc3 Nge7 7. Nxc6 Nxc6
8. Bd2 O-O 9. Be2 d6 10. O-O Be6 11. Rc1 a5 12. a3 Bc5 13. Nd5 Bxd5 14. exd5
Ne5 15. Bc3 Re8 16. Kh1 Qh4 17. f4 Nd7 18. g3 Qe7 19. Bd3 Bb6 20. Qc2 h6 21.
Rce1 Qf8 22. b4 axb4 23. axb4 Rxe1 24. Rxe1 Re8 25. Qd2 Re7 26. Bf5 Qe8 27.
Bxd7 Qxd7 28. Kg2 Qe8 29. f5 Re3 30. Rxe3 Bxe3 31. Qd3 f6 32. Kf3 Bb6 33. Qe4
Qxe4+ 34. Kxe4 Kf7 35. g4 Bg1 36. h3 b6 37. Bd4 Bxd4 38. Kxd4 Ke7 39. Ke4 Kf7
40. Kf4 g5+ 41. fxg6+ Kxg6 42. h4 h5 43. gxh5+ Kxh5 44. Kf5 Kxh4 45. Kxf6 Kg4
46. Ke6 Kf4 47. Kd7 Ke4 48. Kxc7 Kd4 49. Kxb6 Kxc4 1-0

[Event "DVM U20 2009"]
[Site "Chemnitz GER"]
[Date "2009.12.30"]
[Round "7"]
[White "Heimann, Michael"]
[Black "Henschel, Tobias"]
[Result "1/2-1/2"]
[Termination "normal"]
[Board "8.5"]
[WhiteElo "1433"]
[BlackElo "1903"]
[WhiteTeam "SV 1947 Walldorf"]
[BlackTeam "USV Potsdam"]
[PlyCount "73"]
[WhiteFideId "1271954"]
[BlackFideId "24601624"]
[EventCountry "GER"]
[EventRounds "7"]
[EventType "team-swiss"]
[EventDate "2009.12.26"]

1. Nf3 d5 2. c4 c6 3. b3 Bf5 4. Bb2 e6 5. a3 Nd7 6. g3 Ngf6 7. d3 Be7 8. Bg2
O-O 9. Nbd2 Qb6 10. Nh4 Bg6 11. Nxg6 hxg6 12. O-O Rad8 13. Qc2 Rfe8 14. d4 Qc7
15. Rae1 Rc8 16. Bf3 Nh7 17. e4 dxe4 18. Nxe4 Ndf6 19. Rd1 Nxe4 20. Bxe4 Nf6
21. Bg2 Qa5 22. Ra1 Bd6 23. f4 Qf5 24. Qxf5 gxf5 25. Rfe1 Kf8 26. Re2 Rcd8 27.
Rae1 Nh5 28. d5 exd5 29. Rxe8+ Rxe8 30. Rxe8+ Kxe8 31. cxd5 c5 32. a4 b6 33.
Kf2 Be7 34. Bf1 Nf6 35. Bxf6 Bxf6 36. h3 Ke7 37. Bc4 1/2-1/2

[Event "DVM U20 2009"]
[Site "Chemnitz GER"]
[Date "2009.12.30"]
[Round "7"]
[White "Buchta, Moritz"]
[Black "Hummel, Nikolas"]
[Result "1/2-1/2"]
[Termination "normal"]
[Board "8.6"]
[WhiteElo "1273"]
[BlackElo "1426"]
[WhiteTeam "USV Potsdam"]
[BlackTeam "SV 1947 Walldorf"]
[PlyCount "61"]
[EventCountry "GER"]
[EventRounds "7"]
[EventType "team-swiss"]
[EventDate "2009.12.26"]

1. d4 f5 2. Nc3 Nf6 3. Bg5 e6 4. f3 d5 5. e3 Bb4 6. Qd2 O-O 7. O-O-O Nbd7 8.
Nh3 Nb6 9. a3 Be7 10. Nf4 h6 11. Bxf6 Rxf6 12. g4 g5 13. Nh5 Rf7 14. Be2 c5 15.
Rhf1 c4 16. h3 Bd7 17. Rf2 Na4 18. Nxa4 Bxa4 19. Rdf1 Rc8 20. Qc3 b5 21. f4 Qb6
22. b4 Rcf8 23. fxg5 hxg5 24. gxf5 exf5 25. Bf3 Qe6 26. Bg2 Bd6 27. Qd2 Rh7 28.
Qe2 a5 29. Bf3 axb4 30. axb4 Bxb4 31. Rg2 1/2-1/2

[Event "DVM U16 2009"]
[Site "Verden/Aller GER"]
[Date "2009.12.27"]
[Round "1"]
[White "Azizi, Nassim"]
[Black "Hager, Joshua Aarash"]
[Result "0-1"]
[Termination "normal"]
[Board "1.1"]
[WhiteElo "1706"]
[BlackElo "2231"]
[WhiteTeam "Schachfreunde 1974 Heinsberg"]
[BlackTeam "OSG Baden-Baden"]
[PlyCount "66"]
[WhiteFideId "4608119"]
[BlackFideId "24642789"]
[EventCountry "GER"]
[EventRounds "7"]
[EventType "team-swiss"]
[EventDate "2009.12.26"]

1. d4 Nf6 2. c4 g6 3. Nc3 Bg7 4. e4 d6 5. f4 O-O 6. Nf3 c5 7. d5 a6 8. Bd3 b5
9. cxb5 axb5 10. Nxb5 Ba6 11. Qe2 Nxe4 12. Qxe4 Bxb5 13. Bxb5 Qa5+ 14. Bd2 Qxb5
15. Bc3 Nd7 16. Bxg7 Kxg7 17. b3 Nf6 18. Qc4 Qxc4 19. bxc4 Ra4 20. Nd2 Rfa8 21.
Ke2 Rxa2 22. Rxa2 Rxa2 23. Kd3 Ra3+ 24. Kc2 Ng4 25. Kb2 Re3 26. Kc1 Re2 27. h3
Nf2 28. Rg1 Ne4 29. Rd1 Nxd2 30. Rxd2 Re4 31. Rc2 Rxf4 32. Kd1 f5 33. Ke2 Kf6
0-1

[Event "DVM U16 2009"]
[Site "Verden/Aller GER"]
[Date "2009.12.27"]
[Round "1"]
[White "Schlömer, Armin"]
[Black "Bochis, Julia"]
[Result "1-0"]
[Termination "normal"]
[Board "1.3"]
[WhiteElo "1607"]
[BlackElo "2077"]
[WhiteTeam "Schachfreunde 1974 Heinsberg"]
[BlackTeam "OSG Baden-Baden"]
[PlyCount "83"]
[WhiteFideId "12910090"]
[BlackFideId "24647276"]
[EventCountry "GER"]
[EventRounds "7"]
[EventType "team-swiss"]
[EventDate "2009.12.26"]

1. e4 c5 2. Nf3 e6 3. d4 cxd4 4. Nxd4 Nc6 5. Nc3 Qc7 6. Be3 a6 7. a4 Nf6 8. f3
Bb4 9. Qd2 O-O 10. Be2 d5 11. Bg5 dxe4 12. Bxf6 gxf6 13. Nxc6 Qxc6 14. O-O Qb6+
15. Kh1 e3 16. Qe1 Qc7 17. Bd3 Qf4 18. Rd1 f5 19. g4 Kh8 20. Qh4 Bxc3 21. bxc3
f6 22. Be2 e5 23. Rd8 Rxd8 24. Qxf6+ Kg8 25. Qxd8+ Kf7 26. g5 Qxa4 27. Qf6+ Ke8
28. Qxe5+ Kf7 29. Qf6+ Ke8 30. Qh8+ Kd7 31. Qxh7+ Kc6 32. Qg6+ Kc7 33. Qg7+ Bd7
34. Qe5+ Kc8 35. g6 b6 36. g7 Kb7 37. Qd5+ Bc6 38. Qf7+ Bd7 39. Rd1 Kc7 40.
g8=Q Rxg8 41. Qxg8 Qxc2 42. Qc4+ 1-0

[Event "DVM U16 2009"]
[Site "Verden/Aller GER"]
[Date "2009.12.27"]
[Round "1"]
[White "Gölgeci, Oguz"]
[Black "Salzmann, Thomas"]
[Result "1-0"]
[Termination "normal"]
[Board "1.4"]
[WhiteElo "1861"]
[BlackElo "1667"]
[WhiteTeam "OSG Baden-Baden"]
[BlackTeam "Schachfreunde 1974 Heinsberg"]
[PlyCount "129"]
[WhiteFideId "12910120"]
[BlackFideId "12910104"]
[EventCountry "GER"]
[EventRounds "7"]
[EventType "team-swiss"]
[EventDate "2009.12.26"]

1. e4 c5 2. Nf3 e6 3. d4 cxd4 4. Nxd4 a6 5. Bc4 b5 6. Bb3 Bb7 7. Qe2 Nf6 8. e5
Nd5 9. O-O Qc7 10. c3 d6 11. f4 Nd7 12. Nf3 dxe5 13. fxe5 Bc5+ 14. Kh1 Ne7 15.
Bf4 Ng6 16. Bg3 O-O 17. Nbd2 Nb6 18. Ne4 Be7 19. Nd6 Bd5 20. Rad1 Nc4 21. Bxc4
bxc4 22. Nd4 Rad8 23. Ne4 Qb7 24. Rde1 Rb8 25. Rf2 Bxe4 26. Qxe4 Bc5 27. h3 Ne7
28. Rd2 Bxd4 29. Qxd4 Nf5 30. Qf4 Nxg3+ 31. Qxg3 Rbd8 32. Rf2 Rd3 33. Qg4 Qd5
34. Ree2 Rd8 35. Qf4 Rd7 36. Re4 Qb7 37. Kh2 Qd5 38. Rxc4 h6 39. a3 Rd1 40.
Rc8+ Kh7 41. Rf8 Re1 42. Rxf7 Rxf7 43. Qxf7 Rxe5 44. Qf3 Qd6 45. Qg3 Qc5 46. b4
Qd5 47. c4 Qd4 48. Rf4 Qa1 49. Rg4 Re1 50. Qd3+ Kh8 51. Rd4 Rh1+ 52. Kg3 Qe1+
53. Kg4 h5+ 54. Kxh5 Qe5+ 55. Kg4 Kg8 56. Qe4 Qf6 57. Rd6 Qf8 58. Qxe6+ Kh8 59.
Rd5 g6 60. Qxg6 Qc8+ 61. Kh5 Rxh3+ 62. gxh3 Qxh3+ 63. Kg5 Qe3+ 64. Kf6 Qf4+ 65.
Ke7 1-0

[Event "DVM U16 2009"]
[Site "Verden/Aller GER"]
[Date "2009.12.27"]
[Round "1"]
[White "Braun, Georg"]
[Black "Zarafat, Daniel"]
[Result "1-0"]
[Termination "normal"]
[Board "2.1"]
[WhiteElo "2023"]
[BlackElo "1831"]
[WhiteTeam "SK Bebenhausen"]
[BlackTeam "SC Noris-Tarrasch Nürnberg 1873"]
[PlyCount "91"]
[WhiteFideId "24629383"]
[BlackFideId "4625781"]
[EventCountry "GER"]
[EventRounds "7"]
[EventType "team-swiss"]
[EventDate "2009.12.26"]

1. e4 c5 2. Nf3 d6 3. d4 cxd4 4. Nxd4 Nf6 5. Nc3 a6 6. Bc4 e6 7. Bb3 Be7 8. g4
h6 9. Rg1 Nh7 10. f4 Nc6 11. Be3 Bh4+ 12. Kf1 Bd7 13. Qf3 Qf6 14. Rd1 Rd8 15.
Kg2 b5 16. e5 Nxd4 17. Bxd4 Qg6 18. Ne4 Bc6 19. Nf6+ Nxf6 20. Qxc6+ Nd7 21. Bb6
d5 22. Bxd5 exd5 23. Qxg6 fxg6 24. Bxd8 Kxd8 25. Rxd5 Kc7 26. Rgd1 Rd8 27. e6
Nb6 28. Rc5+ Kb7 29. g5 Bxg5 30. Rxg5 Rxd1 31. e7 hxg5 32. e8=Q gxf4 33. Qxg6
Rd2+ 34. Kg1 Rd1+ 35. Kg2 Rd2+ 36. Kh3 Rd7 37. Qe4+ Kc8 38. Qc6+ Rc7 39. Qxb6
Rxc2 40. Qxa6+ Kd8 41. Qd6+ Kc8 42. Qf8+ Kb7 43. Qxg7+ Ka8 44. Qf8+ Kb7 45. Qb4
Ka6 46. a4 1-0